000 00312 a2200157 4500
001 158692
020 _a
040 _cMagnum
100 _a-
240 1 0 _aAventura na ciencia/luz
_lpor
245 1 0 _aAventura na ciencia/luz
362 0 _a1899
440 1 _aGlobo
697 _aENCICLOPEDIAS
942 _cBK
999 _c158692
_d158692